000 01451nam2a22002291 4500
001 rc\3237513
005 20250609194441.0
035 _a(NLR Aleph) 007474547
090 _a7451537
_c7451537
100 _a20130115d1970 |||y0rusy50 ca
101 0 _arus
102 _aRU
105 _aa z |||||
200 0 _aЧ. 1
210 _d1970
_aБ. м.
215 _a136 с.
_cчерт.
461 0 _1001rc\3237512
_12001#$aФизико-химические основы методов анализа чистых металлов и полупроводниковых материалов$eКонспект лекций$eЧ. 1-$fМоск. ин-т стали и сплавов. Кафедра производства чистых металлов и полупроводниковых материалов$vЧ. 1
_1700#1$aФирсанова$bЛ.А.$gЛидия Алексеевна
_97451530
_aФирсанова, Л.А.
_cМосква
_d1970-
_fМоск. ин-т стали и сплавов. Кафедра производства чистых металлов и полупроводниковых материалов
_nБ. и.
_oКонспект лекций : Ч. 1-
_tФизико-химические основы методов анализа чистых металлов и полупроводниковых материалов
_vЧ. 1
801 0 _aRU
_bNLR
_gpsbo
801 1 _aRU
_bELAR
_2rusmarc
852 _aNLR
_j70-3/5456
942 _cBOOK
980 _aNB